000
00206 a2200097 4500
001
59532
100
_a
245
_a
Industrial electronics
260
_a
_b
Prentice Hall
_c
090
_c
36430
_d
36430
942
_a
NUST-CAE
_c
MONOGRAPH
_c
29370
999
_c
294605
_d
294605